000 00706nam a2200241Ia 4500
003 GCL
005 20240530103407.0
008 140319s9999 xx 000 0 ara d
040 _aGCL /
_cGCL
082 0 4 _a301.01
_bا ن
100 1 _aالسيد الحسينى
245 1 0 _aنحو نظريه اجتماعيه نقديه /
_cالسيد الحسينى
300 _a311 ص
650 0 4 _aالماركسية
650 0 4 _aنظريات
650 0 4 _aالاجتماع، علم
650 0 4 _aالتكامل الاجتماعى
650 0 4 _aرايت مليلز
650 0 4 _aالفت جولدند
650 0 4 _aمدرسة فرانكفورت
650 0 4 _aالفريد شوتذ
942 _2ddc
_cBK
999 _c39045
_d39045